[Event "III  Wielkopolska  Liga  Seniorow   2013/2014"]
[Site "Wielkopolska "]
[Date "1899-12-30"]
[Round "1.1"]
[White "Kozlowski, Tomasz"]
[Black "Mocny, Tomasz"]
[Result "1/2-1/2"]
[WhiteTitle "I++"]
[BlackTitle "I"]
[WhiteElo "1932"]
[BlackElo "1920"]

1. e4 Nf6 2. e5 Nd5 3. d4 d6 4. c4 Nb6 5. exd6 exd6 6. Nc3 Be7 7. Bd3 Nc6 8. Nge2
Bg4 9. Be3 Bf6 10. Qd2 Nb4 11. O-O Nxd3 12. Qxd3 O-O 13. Nf4 g6 14. Nfd5 Bg7 15.
Nxb6 axb6 16. Rfe1 Re8 17. Qd2 Be6 18. d5 Bf5 19. Nb5 Bd7 20. Nd4 Qf6 21. a3 c5
22. dxc6 bxc6 23. Nf3 c5 24. Rad1 Ba4 25. Rb1 Bc6 26. Bg5 Qf5 27. Nh4 Qg4 28.
h3 1/2-1/2

[Event "III  Wielkopolska  Liga  Seniorow   2013/2014"]
[Site "Wielkopolska "]
[Date "1899-12-30"]
[Round "1.2"]
[White "Pilzak, Marcin"]
[Black "Joachimiak, Roman"]
[Result "1-0"]
[WhiteTitle "I"]
[BlackTitle "I"]
[WhiteElo "1823"]
[BlackElo "2038"]

1. e4 d6 2. d4 Nf6 3. Bd3 Nbd7 4. Nf3 e5 5. O-O Be7 6. Nc3 O-O 7. h3 c6 8. a4 Qc7
9. Bg5 Re8 10. Qd2 Nf8 11. Ne2 Nxe4 12. Bxe4 f5 13. dxe5 fxe4 14. Bxe7 exf3 15.
exd6 Qd7 16. Nf4 Rxe7 17. dxe7 Qxd2 18. e8=Q Qxf4 19. Rfd1 Qf7 20. Rd8 Qxe8 21.
Rxe8 Kf7 22. Rae1 Ne6 23. R1xe6 Bxe6 24. Rxa8 fxg2 25. Rxa7 Bc8 26. Ra8 Bxh3 27.
Rb8 Bf5 28. Rxb7+ Ke6 29. a5 1-0

[Event "III  Wielkopolska  Liga  Seniorow   2013/2014"]
[Site "Wielkopolska "]
[Date "1899-12-30"]
[Round "1.3"]
[White "Tomczak, Michal"]
[Black "Fularz, Maciej"]
[Result "1-0"]
[WhiteTitle "I+"]
[BlackTitle "I"]
[WhiteElo "2010"]
[BlackElo "2007"]

1. e4 e6 2. Nf3 d5 3. e5 c5 4. b4 cxb4 5. d4 Nc6 6. Bd3 Qb6 7. O-O Nge7 8. g4 Ng6
9. h4 Be7 10. h5 Nh4 11. Nxh4 Bxh4 12. Be3 Be7 13. a3 Bd7 14. Be2 Qa5 15. c3 bxa3
16. Nxa3 a6 17. Qb3 Rb8 18. f4 g6 19. f5 gxf5 20. gxf5 exf5 21. Nc2 Qd8 22. Qxd5
Rg8+ 23. Kh2 Bb4 24. Rf3 Bxc3 25. Ra3 Nb4 26. Nxb4 Bxb4 27. Rb3 Qe7 28. Qc4 Bc6
29. d5 Qxe5+ 30. Bf4 Qa1 31. Rf1 Qg7 32. Rg3 Qf8 33. Bxb8 Bb5 34. Rxg8 Qxg8 35.
Qc8+ 1-0

[Event "III  Wielkopolska  Liga  Seniorow   2013/2014"]
[Site "Wielkopolska "]
[Date "1899-12-30"]
[Round "1.5"]
[White "Kaczmarek, Piotr"]
[Black "Szymkowiak, Damian"]
[Result "0-1"]
[WhiteTitle "I+"]
[BlackTitle "II"]
[WhiteElo "1878"]
[BlackElo "1619"]

1. e4 c5 2. c3 d5 3. exd5 Qxd5 4. d4 Nc6 5. Nf3 cxd4 6. cxd4 e6 7. Nc3 Qd8 8. a3
Nf6 9. Bd3 a6 10. Bc2 h6 11. O-O Bd6 12. b4 Ne7 13. Bb2 b6 14. Qe2 Bb7 15. Rac1
O-O 16. Rfd1 Ned5 17. g3 Rc8 18. Ne4 Qe7 19. Nxd6 Qxd6 20. Bd3 Rxc1 21. Rxc1 b5
22. Ne5 g6 23. f4 Kg7 24. Rc5 Rc8 25. Kf2 Nd7 26. Nxg6 fxg6 27. Qg4 Nf8 28. f5
exf5 29. Qf3 Re8 30. Bc2 Ne6 31. Bb3 Rd8 32. h4 Rd7 33. Qd3 f4 34. g4 f3 35. Rc2
Qh2+ 36. Kf1 Qh3+ 37. Kf2 Qxh4+ 38. Kf1 Qh1+ 39. Kf2 Nef4 40. Qxf3 Nh3+ 41. Kg3
Qxf3+ 42. Kxf3 Ng5+ 43. Kg3 Re7 44. Bc1 Ne4+ 45. Kh3 Ng5+ 46. Kg3 Rc7 47. Bxg5
Rxc2 48. Bxh6+ Kxh6 49. Bxc2 Ne3 50. Bd3 Bd5 51. Kf4 Nc4 52. g5+ Kh5 53. Be2+
Kh4 54. Bxc4 bxc4 55. a4 c3 56. Ke3 Kxg5 57. Kd3 Kf4 58. b5 axb5 59. axb5 g5 60.
Kxc3 Ke3 61. b6 g4 0-1

[Event "III  Wielkopolska  Liga  Seniorow   2013/2014"]
[Site "Wielkopolska "]
[Date "1899-12-30"]
[Round "1.6"]
[White "Glapa, Anna"]
[Black "Kozlowska, Marzena"]
[Result "1-0"]
[WhiteTitle "I++"]
[BlackTitle "k"]
[WhiteElo "1678"]
[BlackElo "1915"]

1. e4 e6 2. d4 d5 3. Nc3 dxe4 4. Nxe4 Nd7 5. Nf3 Ngf6 6. Nc3 Bb4 7. Bd2 O-O 8.
Bd3 c5 9. a3 Ba5 10. Ne4 Nxe4 11. Bxe4 f5 12. Bd3 Bxd2+ 13. Qxd2 cxd4 14. Nxd4
Ne5 15. Be2 Qd5 16. Nf3 Qxd2+ 17. Nxd2 Bd7 18. Nc4 Nxc4 19. Bxc4 Kf7 20. O-O-O
Rad8 21. Rhe1 Bc8 22. Re5 Rxd1+ 23. Kxd1 Rd8+ 24. Ke2 Kf6 25. Rc5 Bd7 26. Ra5
Rc8 27. Bd3 e5 28. Rxa7 e4 29. Rxb7 exd3+ 30. Kxd3 Bc6 31. Rb6 Ke5 32. f3 g5 33.
c4 h5 34. b4 g4 35. fxg4 hxg4 36. g3 Be4+ 37. Ke3 Rxc4 38. Rb5+ Kd6 39. a4 Rc3+
40. Kf4 Rf3+ 41. Kg5 Rf2 42. a5 Rxh2 43. Rb6+ Kc7 44. Rf6 Rb2 45. Rb6 Rb3 46.
Kh4 Rc3 47. Re6 Bd3 48. Rf6 Be4 49. b5 Rc5 50. b6+ Kb7 51. Rf7+ Kb8 52. a6 Rc8
53. Kg5 Rg8+ 54. Kf4 Bd3 55. Rb7+ Kc8 56. Rc7+ Kb8 57. a7+ Ka8 58. b7+ Kxa7 59.
Rc8 Kxb7 60. Rxg8 Kc7 61. Rf8 Kd7 62. Rxf5 Bxf5 63. Kxf5 Ke7 64. Kxg4 Kf6 65.
Kh5 Kg7 66. Kg5 Kh8 67. Kh6 Kg8 68. Kg6 Kh8 69. g4 Kg8 70. g5 Kh8 71. Kf7 Kh7
1-0

[Event "III  Wielkopolska  Liga  Seniorow   2013/2014"]
[Site "Wielkopolska "]
[Date "1899-12-30"]
[Round "1.7"]
[White "Bajerlein, Dawid"]
[Black "Nadstoga, Wojciech"]
[Result "1/2-1/2"]
[WhiteTitle "k"]
[BlackTitle "I+"]
[WhiteElo "2086"]
[BlackElo "2020"]

1. d4 Nf6 2. c4 g6 3. g3 Bg7 4. Bg2 c5 5. Nf3 O-O 6. O-O Na6 7. Nc3 d6 8. h3 Bd7
9. d5 Nc7 10. a4 b6 11. e4 a6 12. Re1 Nfe8 13. e5 b5 14. axb5 axb5 15. Rxa8 Qxa8
16. cxb5 Nxb5 17. Nxb5 Bxb5 18. Bg5 f6 19. exf6 exf6 20. Bf4 g5 21. Bd2 Bc4 22.
Re7 Bxd5 23. Qe2 Bf7 24. Kh2 Qc8 25. Ba5 d5 26. Ne1 Qa8 27. Qd2 Nd6 28. b3 Ne4
29. Bxe4 dxe4 30. b4 cxb4 31. Qxb4 Re8 32. Rxe8+ Qxe8 33. Ng2 f5 34. Bc7 Be5 35.
Qc5 Bxc7 36. Qxc7 Bg6 37. Qd6 Kg7 38. Qc7+ Qf7 39. Qe5+ Qf6 40. Qc7+ Bf7 41. h4
h6 42. hxg5 hxg5 43. Qb8 Bh5 44. Qc7+ Kg6 45. Qb8 Bf3 46. Qg8+ Kh6 47. Ne3 f4
48. gxf4 gxf4 49. Ng4+ Bxg4 50. Qxg4 Qe5 51. Qc8 f3+ 52. Kh3 Qh5+ 53. Kg3 Qg5+
54. Qg4 Qe5+ 55. Qf4+ Qg5+ 56. Qg4 Kg6 57. Kh3 1/2-1/2

[Event "III  Wielkopolska  Liga  Seniorow   2013/2014"]
[Site "Wielkopolska "]
[Date "1899-12-30"]
[Round "1.8"]
[White "Hanusek, Sebastian"]
[Black "Hemmerling, Jaroslaw"]
[Result "1/2-1/2"]
[WhiteTitle "I+"]
[BlackTitle "I+"]
[WhiteElo "2073"]
[BlackElo "1989"]

1. e4 e6 2. d4 d5 3. Nd2 Nc6 4. Ngf3 Nge7 5. c3 Ng6 6. Qc2 Be7 7. Bb5 Bd7 8. Nf1
O-O 9. Ng3 Nb4 10. Qe2 Bxb5 11. Qxb5 Nc2+ 12. Kd1 Nxa1 13. Bd2 dxe4 14. Nxe4 Qd5
15. Qxd5 exd5 16. Ng3 a5 17. Ke2 Nc2 18. Rc1 Na3 19. bxa3 Bxa3 20. Rb1 Rfe8+ 21.
Kd3 b6 22. Nf5 Rad8 23. h4 Ne7 24. Ne3 Nc8 25. g4 f6 26. Rb3 Bf8 27. Rb1 c6 28.
g5 b5 29. gxf6 gxf6 30. Rg1+ Kf7 31. h5 Nd6 32. Nh4 Bh6 33. Nef5 Nxf5 34. Nxf5
Bxd2 35. Kxd2 Kf8 36. Rg7 b4 37. Rxh7 bxc3+ 38. Kxc3 Kg8 39. Rg7+ Kh8 40. Rc7
Rc8 41. Ra7 Re2 42. Ne7 Rxe7 43. Rxe7 c5 44. dxc5 Rxc5+ 45. Kd3 d4 46. h6 Rh5
47. Ra7 Rh2 48. Rxa5 Rxf2 49. Kxd4 Kh7 50. a4 Kxh6 51. Ra8 Kg5 52. Ke3 Ra2 53.
a5 Ra3+ 54. Kf2 Kf4 55. a6 Ra2+ 56. Ke1 f5 57. a7 Kf3 58. Rf8 Rxa7 59. Rxf5+ Ke3
60. Re5+ 1/2-1/2

[Event "III  Wielkopolska  Liga  Seniorow   2013/2014"]
[Site "Wielkopolska "]
[Date "1899-12-30"]
[Round "1.9"]
[White "Bernat, Marcin"]
[Black "Wesolowski, Edgar"]
[Result "1-0"]
[WhiteTitle "k"]
[BlackTitle "I++"]
[WhiteElo "2120"]
[BlackElo "2001"]

1. d4 d5 2. c4 e6 3. Nc3 c6 4. e3 Bd6 5. Qc2 f5 6. Bd3 Qg5 7. f4 Qh5 8. cxd5 cxd5
9. Nxd5 Nc6 10. Nc3 Nb4 11. Bb5+ Ke7 12. Qe2 Qxe2+ 13. Kxe2 a6 14. Ba4 b5 15.
Bb3 Nf6 16. Nf3 Bb7 17. Bd2 Ne4 18. a3 Nxc3+ 19. Bxc3 Nd5 20. Bxd5 Bxd5 21. Bb4
Bxb4 22. axb4 Rhc8 23. Rhc1 Rxc1 24. Rxc1 a5 25. bxa5 Rxa5 26. g3 Ra2 27. Rc2
Bb3 28. Rd2 Kd6 29. Kd3 Kd5 30. Kc3 Bc4 31. b3 Ra3 32. Rb2 Bf1 33. Nd2 Be2 34.
Nb1 Ra1 35. Kb4 Bf1 36. Nc3+ Kc6 37. Rb1 Rxb1 38. Nxb1 h6 39. Nc3 Bd3 40. Nd1
Be2 41. Nc3 Bd3 42. Ka5 Bc2 43. d5+ Kd6 44. dxe6 Bxb3 45. Nxb5+ Ke7 46. Kb6 Bxe6
47. Kc7 Bc4 48. Nd4 Kf6 49. Kd6 g5 50. Nc6 Bd3 51. Ne5 Be4 52. Nd7+ Kg6 53. Ke5
Bb1 54. Nf6 Ba2 55. g4 Bb1 56. e4 gxf4 57. gxf5+ Kg5 58. h4+ Kxh4 59. Kxf4 1-0

[Event "III  Wielkopolska  Liga  Seniorow   2013/2014"]
[Site "Wielkopolska "]
[Date "1899-12-30"]
[Round "1.10"]
[White "Hanusek, Krzysztof"]
[Black "Stachowiak, Slawomir"]
[Result "1-0"]
[WhiteTitle "I"]
[BlackTitle "I"]
[WhiteElo "1821"]
[BlackElo "1968"]

1. e4 e5 2. Nf3 Nc6 3. Nc3 Nf6 4. Bb5 d6 5. d4 exd4 6. Nxd4 Bd7 7. b3 Be7 8. Bb2
O-O 9. Qd2 Re8 10. O-O Nxd4 11. Qxd4 Bxb5 12. Nxb5 Bf8 13. Rfe1 a6 14. Nc3 Qd7
15. Rad1 Re7 16. Re3 c5 17. Qd2 Rae8 18. f3 Re6 19. Rd3 Qc8 20. Ne2 Nd7 21. Ng3
Ne5 22. Rd5 Rg6 23. Qf4 Rf6 24. Nf5 Ree6 25. Bxe5 dxe5 26. Rxe5 g6 27. Rxe6 Qxe6
28. Nh6+ Kg7 29. Qd2 c4 30. Ng4 Qb6+ 31. Kf1 Rc6 32. Qc3+ Kg8 33. bxc4 Bg7 34.
Qb3 Qc7 35. e5 h5 36. Ne3 Qxe5 37. Qxb7 Re6 38. Rd3 Bh6 39. Qc8+ Kg7 40. Rd8 Qxe3
41. Rg8+ Kf6 42. Qd8+ Kf5 43. Qd5+ Qe5 44. Qd3+ Kf6 45. Qd2 Kf5 46. Qd3+ Kg5 47.
Qd2+ Qe3 48. Qd5+ Re5 49. Qd8+ f6 50. h4+ Kxh4 51. Qd1 Qc1 52. Qxc1 Bxc1 53. Rxg6
Bg5 54. Kf2 Be3+ 55. Kf1 Re6 56. Ke2 Bg5+ 57. Kf2 Be3+ 58. Ke2 Bd4+ 59. Kd3 Bb2
60. Kd2 Rc6 61. Kd3 Be5 62. c3 a5 63. a4 Rd6+ 64. Kc2 Rb6 65. Rg8 Rc6 66. Kd3
f5 67. Ra8 Bc7 68. Rg8 Bb6 69. g3+ Kh3 70. Rg5 Rf6 71. Ke2 Kg2 72. c5 Re6+ 73.
Kd3 Bxc5 74. Rxf5 Bb6 75. Rxh5 Kxf3 76. Rg5 Rd6+ 77. Kc4 Bd8 78. Rg8 Be7 79. g4
Bh4 80. g5 Be1 81. g6 Rd7 82. g7 Rc7+ 83. Kb5 Kg4 84. Re8 Rxg7 85. Rxe1 Rg5+ 86.
Kb6 Kf4 87. c4 Rg6+ 88. Kxa5 Rg2 89. Re8 Rc2 90. Kb5 Rb2+ 91. Kc5 Rd2 92. Ra8
Ke5 93. Kc6 Kd4 94. c5 Rc2 95. Ra5 Kc4 96. Kb6 Kb4 97. Rb5+ Kxa4 98. c6 Rc1 99.
Ra5+ Kb4 100. Rb5+ Ka4 101. Rb2 Ka3 102. Rb5 Ka4 103. Rc5 Rb1+ 104. Ka7 Kb4 105.
Kb6 Ka4+ 106. Ka6 Rb8 107. c7 Rc8 108. Kb7 1-0

[Event "III  Wielkopolska  Liga  Seniorow   2013/2014"]
[Site "Wielkopolska "]
[Date "1899-12-30"]
[Round "1.11"]
[White "Rozumek, Krzysztof"]
[Black "Kowalewicz, Kacper"]
[Result "0-1"]
[WhiteTitle "I+"]
[BlackTitle "II+"]
[WhiteElo "1970"]
[BlackElo "1722"]

1. e4 e5 2. Nf3 Nc6 3. Bc4 Bc5 4. c3 Nf6 5. d3 O-O 6. O-O a6 7. b4 Be7 8. a4 d6
9. h3 Ne8 10. Nh2 Kh8 11. f4 f5 12. fxe5 Nxe5 13. exf5 d5 14. Bb3 Rxf5 15. d4
Rxf1+ 16. Qxf1 Ng6 17. Bc2 Qd6 18. Nf3 Qg3 19. Qf2 Qxf2+ 20. Kxf2 Nh4 21. Bg5
Bxg5 22. Nxg5 h6 23. Nf7+ Kg8 24. Ne5 Bf5 25. Bxf5 Nxf5 26. Nd2 Nf6 27. Re1 Nd6
28. Re3 Nfe4+ 29. Nxe4 Nxe4+ 30. Ke1 Rf8 31. Ng6 Re8 32. Ne5 Rf8 33. Nd7 Rf7 34.
Nc5 Nxc5 35. dxc5 Kf8 36. Ke2 Re7 37. Kd3 Rxe3+ 38. Kxe3 Ke7 39. Kd4 Ke6 40. g3
c6 41. g4 g6 42. h4 h5 43. g5 Kf5 44. b5 Kf4 45. bxa6 bxa6 46. a5 Kf3 47. Kd3
Kg3 48. Kd4 Kxh4 49. Ke5 Kxg5 50. Kd6 h4 51. Kxc6 h3 52. Kb6 h2 53. c6 h1=Q 54.
c7 Qh3 55. Kxa6 Qxc3 56. Kb7 Qb4+ 57. Ka6 Qc4+ 58. Kb7 Qb5+ 0-1

[Event "III  Wielkopolska  Liga  Seniorow   2013/2014"]
[Site "Wielkopolska "]
[Date "1899-12-30"]
[Round "1.12"]
[White "Wesolowska, Katarzyna"]
[Black "Magnucka, Arleta"]
[Result "1/2-1/2"]
[WhiteTitle "I++"]
[BlackTitle "k"]
[WhiteElo "1692"]
[BlackElo "1860"]

1. e4 d6 2. d4 Nf6 3. Nc3 g6 4. Nf3 Bg7 5. h3 O-O 6. Bc4 c5 7. O-O cxd4 8. Nxd4
Nc6 9. Nf3 a6 10. Re1 Qc7 11. Nd5 Nxd5 12. Bxd5 Bd7 13. c3 Rac8 14. Bg5 h6 15.
Be3 Na5 16. Bf4 Nc4 17. Bxc4 Qxc4 18. Qd2 Kh7 19. e5 d5 20. Nd4 Rcd8 21. Bg3 Qc8
22. Qd3 h5 23. Bh4 Rde8 24. Rad1 Be6 25. Nxe6 fxe6 26. Bg3 Qc5 27. Qd4 Qa5 28.
a3 Rc8 29. Qd3 Rc4 30. Re3 Qb6 31. Re2 Bh6 1/2-1/2

[Event "III  Wielkopolska  Liga  Seniorow   2013/2014"]
[Site "Wielkopolska "]
[Date "1899-12-30"]
[Round "1.13"]
[White "Plonczak, Dominik"]
[Black "Adamczewski, Maciej"]
[Result "1-0"]
[WhiteTitle "k"]
[BlackTitle "I"]
[WhiteElo "2216"]
[BlackElo "1858"]

1. d4 Nf6 2. Nf3 g6 3. Bg5 Bg7 4. Nbd2 d5 5. e3 h6 6. Bf4 c5 7. h3 Nc6 8. c3 g5
9. Bh2 Bf5 10. dxc5 O-O 11. Nd4 Bg6 12. Nxc6 bxc6 13. Be5 Nd7 14. Bxg7 Kxg7 15.
Qa4 Qc7 16. h4 e5 17. Nb3 Bc2 18. Qa5 Qb8 19. Qa3 Bxb3 20. axb3 a5 21. hxg5 hxg5
22. Qa4 Qb7 23. Qg4 f6 24. Qf5 Rh8 25. Rxh8 Kxh8 26. Bd3 e4 27. Kd2 Kg7 28. Rh1
Rh8 29. Bf1 Qc7 30. Rxh8 Kxh8 31. b4 axb4 32. cxb4 Kg7 33. Be2 Ne5 34. f4 exf3
35. gxf3 Qb7 36. Kc3 Ng6 37. Bd3 Nf8 38. f4 Qe7 39. fxg5 fxg5 40. e4 Nd7 41. exd5
Qe1+ 42. Kb3 Qd1+ 43. Bc2 Qxd5+ 44. Qxd5 cxd5 45. c6 Nb6 46. Bf5 Kf6 47. Bg4 Ke5
48. c7 Kd6 49. c8=Q Nxc8 50. Bxc8 Kc6 51. Kc3 Kb5 52. Bd7+ Kb6 53. Kd4 Kc7 54.
Bg4 Kb6 55. Be2 Kc6 56. Ke5 g4 57. Bxg4 Kb5 58. Kxd5 Kxb4 59. Bd1 Kb5 60. Kd4
Kb4 61. Bc2 Kb5 62. Kc3 Kc5 63. Bd3 1-0

[Event "III  Wielkopolska  Liga  Seniorow   2013/2014"]
[Site "Wielkopolska "]
[Date "1899-12-30"]
[Round "1.14"]
[White "Ziabek, Patryk"]
[Black "Przybylski, Bartosz"]
[Result "1/2-1/2"]
[WhiteTitle "I"]
[BlackTitle "I+"]
[WhiteElo "1840"]
[BlackElo "2105"]

1. e4 c5 2. Nf3 e6 3. d4 cxd4 4. Nxd4 a6 5. c4 Nf6 6. Nc3 Qc7 7. a3 Nc6 8. Be3
Ne5 9. Be2 Ng6 10. O-O d6 11. Rc1 Be7 12. b4 O-O 13. Nb3 e5 14. f3 Be6 15. Qd2
Nh5 16. g3 Qd7 17. Rfd1 Rfc8 18. Na5 Nf6 19. Nd5 Bxd5 20. exd5 Bd8 21. Nb3 Ne7
22. Bg5 b6 23. Kh1 Ne8 24. Be3 Nf5 25. Bf2 Rab8 26. Qd3 g6 27. c5 b5 28. c6 Qe7
29. Bf1 Nfg7 30. Na5 f5 31. Re1 Nc7 32. Nb7 Nge8 33. Qb3 Qf7 34. Rcd1 Be7 35.
Bb6 Nxd5 36. Bf2 Rxc6 37. Na5 Rc3 38. Qxd5 Qxd5 39. Rxd5 Rbc8 40. Re3 Rc2 41.
Kg1 Ra2 42. f4 Nf6 43. Rd1 e4 44. Re2 Rxa3 45. Nb7 Ne8 46. g4 Rc7 47. Na5 Kf7
48. gxf5 gxf5 49. Re3 Rxe3 50. Bxe3 Nf6 51. Rc1 Rxc1 52. Bxc1 Nd5 53. Nc6 Bf6
54. Kf2 Ke6 55. Bd2 Kd7 56. Na5 Bd4+ 57. Ke2 e3 58. Be1 Nxf4+ 59. Kf3 Ne6 60.
Bh3 Ng5+ 61. Kg2 Ke6 62. Nc6 Bf6 63. Nb8 d5 64. Nxa6 Ke5 65. Nc5 Be7 66. Bg3+
Kf6 67. Nd3 Ne4 68. Bh4+ Ng5 69. Nf4 Bd6 70. Nxd5+ Kg6 71. Bxg5 Kxg5 72. Nxe3
Bxb4 73. Bxf5 Bc5 74. Bxh7 1/2-1/2

[Event "III  Wielkopolska  Liga  Seniorow   2013/2014"]
[Site "Wielkopolska "]
[Date "1899-12-30"]
[Round "1.15"]
[White "Duszczak, Dariusz"]
[Black "Adamczewski, Jedrzej"]
[Result "0-1"]
[WhiteTitle "I"]
[BlackTitle "I"]
[WhiteElo "1961"]
[BlackElo "1859"]

1. e4 c5 2. c3 d5 3. exd5 Qxd5 4. d4 Nc6 5. Nf3 Bg4 6. Be2 cxd4 7. cxd4 e6 8. O-O
Nf6 9. h3 Bh5 10. Nc3 Qd8 11. Qb3 Bxf3 12. Bxf3 Nxd4 13. Qa4+ Qd7 14. Qxd7+ Nxd7
15. Bxb7 Rb8 16. Ba6 Bb4 17. Bf4 Rb6 18. Bd3 Nc5 19. Bc4 Ke7 20. Rfd1 Bxc3 21.
bxc3 Nc2 22. Rac1 Na3 23. Be2 Nb5 24. Be3 Rc8 25. Kf1 Nd6 26. Rc2 Nde4 27. Bd3
Rd6 28. Ke2 Nxd3 29. Rxd3 Ra6 30. f3 Nf6 31. Rb2 Nd5 32. Rb7+ Ke8 33. Rb3 Rxa2+
34. Rd2 Rxd2+ 35. Bxd2 Kd7 36. Kd3 Kc6 37. c4 Nb6 38. Be3 Rd8+ 39. Kc3 Rd1 40.
Ra3 Rd7 41. Ra1 h5 42. g4 hxg4 43. hxg4 Kb7 44. Bxb6 axb6 45. Rh1 f6 46. Rh8 Rd1
47. Rg8 Rf1 48. Rxg7+ Kc6 49. Re7 Rxf3+ 50. Kb4 e5 51. Re6+ Kc7 52. Re7+ Kd6 53.
Rb7 Kc6 54. Re7 Rf4 55. Re6+ Kc7 56. g5 fxg5 57. Rxe5 g4 58. Rg5 Kd6 59. Rg6+
Ke5 60. Kb5 Kf5 61. Rg8 Re4 62. Rf8+ Kg5 63. Rb8 g3 64. Rxb6 g2 65. Rb8 Rg4 66.
Rg8+ Kf5 67. Rf8+ Ke6 68. Re8+ Kd7 0-1

[Event "III  Wielkopolska  Liga  Seniorow   2013/2014"]
[Site "Wielkopolska "]
[Date "1899-12-30"]
[Round "1.17"]
[White "Zgarda, Jakub"]
[Black "Sobiech, Krzysztof"]
[Result "1/2-1/2"]
[WhiteTitle "I"]
[BlackTitle "II+"]
[WhiteElo "1850"]
[BlackElo "1805"]

1. Nf3 Nf6 2. e3 d5 3. c4 c6 4. cxd5 cxd5 5. b3 Nc6 6. Bb5 Bd7 7. Ba3 Qa5 8. Bxc6
Bxc6 9. O-O Bb5 10. Re1 Bd3 11. Qc1 g6 12. Ne5 Bf5 13. d4 Ne4 14. f3 Rc8 15. Qd1
Nf6 16. Qd2 Qxd2 17. Nxd2 Nd7 18. Rac1 Nxe5 19. Rxc8+ Bxc8 20. dxe5 Bg7 21. Rc1
Kd7 22. f4 f6 23. Nf3 fxe5 24. fxe5 b6 25. h3 Ba6 26. e6+ Kxe6 27. Rc7 Bf6 28.
Rxa7 Bd3 29. Nd4+ Bxd4 30. Rxe7+ Kf6 31. exd4 Ra8 32. Bd6 Rxa2 33. Rxh7 Ke6 34.
Bf8 Be4 35. g4 Rg2+ 36. Kf1 Rd2 37. Re7+ Kf6 38. Rb7 Bd3+ 39. Ke1 b5 40. Rd7 Rb2
41. Rxd5 Rxb3 42. h4 Rb2 43. h5 gxh5 44. gxh5 Rh2 45. h6 Kf7 46. Bg7 b4 47. Rd7+
Ke6 48. Rd8 b3 49. d5+ Ke7 50. Rh8 b2 51. Bxb2 Rxb2 52. h7 1/2-1/2

[Event "III  Wielkopolska  Liga  Seniorow   2013/2014"]
[Site "Wielkopolska "]
[Date "1899-12-30"]
[Round "1.18"]
[White "Sokolowska, Anna"]
[Black "Zieta, Zuzanna"]
[Result "1-0"]
[WhiteTitle "I"]
[BlackTitle "II"]
[WhiteElo "1465"]
[BlackElo "1307"]

1. e4 c5 2. Nf3 Nc6 3. d4 cxd4 4. Nxd4 e6 5. Be3 Nf6 6. Bd3 d5 7. Nxc6 bxc6 8.
e5 d4 9. Bd2 Nd5 10. O-O f6 11. Qh5+ Kd7 12. c3 dxc3 13. Nxc3 Qe8 14. Qe2 Bc5
15. Nxd5 exd5 16. Qg4+ Kd8 17. Qxg7 Qf8 18. exf6 Qxg7 19. fxg7 Rg8 20. Bh6 Bd4
21. Bxh7 Rxg7 22. Bxg7 Bxg7 23. Rac1 Bd7 24. b3 Kc7 25. Rfe1 Kd6 26. Rcd1 Be5
27. g3 Rf8 28. Re4 Rh8 29. Bg6 Rh6 30. Rxe5 Kxe5 31. Bd3 Bg4 32. f4+ Kd6 33. Re1
Kc5 34. h4 Kb4 35. Re7 a5 36. Kf2 Ka3 37. Bb1 Kb2 38. Re1 c5 39. Kf1 c4 40. bxc4
dxc4 41. a4 Rb6 42. Bh7 c3 43. Rb1+ Ka3 44. Rxb6 Kxa4 45. Bc2+ Ka3 46. Rb3+ Ka2
47. Rxc3 Kb2 48. Rc5 Kc1 49. Bf5+ 1-0

[Event "III  Wielkopolska  Liga  Seniorow   2013/2014"]
[Site "Wielkopolska "]
[Date "1899-12-30"]
[Round "1.25"]
[White "Zakrzewski, Marek"]
[Black "Nowak, Rafal"]
[Result "1-0"]
[WhiteTitle "k"]
[BlackTitle "I++"]
[WhiteElo "2166"]
[BlackElo "2039"]

1. e4 c5 2. Nf3 e6 3. d4 cxd4 4. Nxd4 Nc6 5. Nc3 Qc7 6. Be3 a6 7. Bd3 Nf6 8. O-O
Ne5 9. h3 d6 10. Kh1 Be7 11. f4 Ng6 12. a4 b6 13. Qf3 O-O 14. g4 e5 15. Nf5 Bxf5
16. exf5 Nxf4 17. Bxf4 exf4 18. g5 Nd7 19. Nd5 Qd8 20. f6 Bxf6 21. gxf6 Nxf6 22.
Nxf6+ Qxf6 23. Qxf4 1-0

[Event "III  Wielkopolska  Liga  Seniorow   2013/2014"]
[Site "Wielkopolska "]
[Date "1899-12-30"]
[Round "1.26"]
[White "Dzwikowski, Adam"]
[Black "Beben, Pawel"]
[Result "0-1"]
[WhiteTitle "I+"]
[BlackTitle "k"]
[WhiteElo "2005"]
[BlackElo "2127"]

1. Nf3 Nf6 2. c4 e6 3. g3 b6 4. Bg2 Bb7 5. O-O Be7 6. b3 O-O 7. Bb2 d5 8. cxd5
Nxd5 9. d3 Bf6 10. Qc1 c5 11. Nbd2 Nc6 12. Ne4 Bxb2 13. Qxb2 Qe7 14. Rfc1 Rad8
15. Rc2 e5 16. Rac1 Nd4 17. Nxd4 exd4 18. Re1 f5 19. Nd2 Nc3 20. Nf3 f4 21. Nh4
g5 22. Bxb7 gxh4 23. Ba6 fxg3 24. e4 gxh2+ 25. Kh1 Qe5 26. f4 Qxf4 27. Rxh2 Kh8
28. Rg1 Rg8 29. Rhg2 Rg3 30. Bc4 Qf3 0-1

[Event "III  Wielkopolska  Liga  Seniorow   2013/2014"]
[Site "Wielkopolska "]
[Date "1899-12-30"]
[Round "1.27"]
[White "Pogorzelski, Adrian"]
[Black "Sobczak, Miroslaw"]
[Result "0-1"]
[WhiteTitle "II+"]
[BlackTitle "I++"]
[WhiteElo "2015"]
[BlackElo "2000"]

1. Nf3 Nc6 2. d4 d5 3. g3 Bg4 4. Bg2 Qd7 5. Bf4 f6 6. h3 Bh5 7. g4 Bf7 8. Nbd2
g5 9. Bg3 h5 10. gxh5 O-O-O 11. c3 Bxh5 12. Qc2 e6 13. O-O-O Bd6 14. Qa4 Bxg3
15. fxg3 Nge7 16. e4 g4 17. hxg4 Bxg4 18. exd5 exd5 19. Rdg1 Nf5 20. Nf1 Qd6 21.
Qc2 Nxg3 22. Rxh8 Rxh8 23. Nxg3 Qxg3 24. Rf1 Re8 25. Qf2 Qd6 26. Nh4 Re2 27. Qf4
Qe6 28. Bf3 Bxf3 29. Nxf3 Nb4 30. Rd1 Nxa2+ 31. Kb1 Nxc3+ 32. Kc1 Nxd1 33. Kxd1
Rxb2 34. Nd2 Qh3 35. Qf2 b6 36. Qxf6 Qh1+ 37. Ke2 Qg2+ 38. Ke3 Qxd2+ 0-1

[Event "III  Wielkopolska  Liga  Seniorow   2013/2014"]
[Site "Wielkopolska "]
[Date "1899-12-30"]
[Round "1.28"]
[White "Banach, Szymon"]
[Black "Ancuta, Adam"]
[Result "1-0"]
[WhiteTitle "I+"]
[BlackTitle "I+"]
[WhiteElo "1839"]
[BlackElo "1961"]

1. e4 e5 2. Nf3 Nc6 3. Bb5 Nf6 4. O-O Nxe4 5. d4 Nd6 6. Bxc6 dxc6 7. dxe5 Nf5 8.
Qxd8+ Kxd8 9. Rd1+ Bd7 10. Ng5 Ke8 11. Nxf7 Kxf7 12. Rxd7+ Ke6 13. Rd3 Bc5 14.
Nd2 Rad8 15. Ne4 Bb6 16. Ng5+ Ke7 17. Nf3 Rxd3 18. cxd3 h6 19. Kf1 g5 20. h3 Ke6
21. Bd2 Rd8 22. Ke2 Nd4+ 23. Nxd4+ Bxd4 24. f4 gxf4 25. Bxf4 Rf8 26. g3 Bxe5 27.
Bxe5 Kxe5 28. Rc1 Rg8 29. g4 Kf4 30. Kf2 Rd8 31. Rc4+ Kg5 32. Rc5+ Rd5 33. Rxd5+
cxd5 34. Kg3 c5 35. h4+ Kf6 36. Kf4 b5 37. g5+ hxg5+ 38. hxg5+ Ke6 39. g6 c4 40.
dxc4 dxc4 41. Ke4 b4 42. Kd4 c3 43. bxc3 bxc3 44. Kxc3 Kf6 45. Kb4 Kxg6 46. Ka5
Kf6 47. Ka6 Ke6 48. Kxa7 Kd6 49. Kb6 Kd7 50. Kb7 1-0

[Event "III  Wielkopolska  Liga  Seniorow   2013/2014"]
[Site "Wielkopolska "]
[Date "1899-12-30"]
[Round "1.29"]
[White "Paczka, Patryk"]
[Black "Wisniewski, Emil"]
[Result "1-0"]
[WhiteTitle "II+"]
[BlackTitle "I"]
[WhiteElo "1807"]
[BlackElo "1843"]

1. e4 e6 2. d4 d5 3. Nc3 Bb4 4. e5 c5 5. Bd2 cxd4 6. Nb5 Be7 7. Qg4 g6 8. Nf3 Nc6
9. Qg3 Qb6 10. a4 a6 11. a5 Qd8 12. Nbxd4 Nxd4 13. Nxd4 f6 14. Bd3 Kf7 15. Nf3
f5 16. c4 b5 17. cxb5 axb5 18. b4 Qf8 19. Rb1 Bd7 20. O-O Nh6 21. Qf4 Ng8 22.
Rfc1 h6 23. Rc7 Qd8 24. Rbc1 g5 25. Qd4 g4 26. Ne1 h5 27. Bxf5 Nf6 28. exf6 Bxf6
29. Qf4 exf5 30. Rxd7+ Qxd7 31. Rc7 Qxc7 32. Qxc7+ Kg6 33. Nd3 Rac8 34. Nf4+ Kh6
35. Qf7 1-0

[Event "III  Wielkopolska  Liga  Seniorow   2013/2014"]
[Site "Wielkopolska "]
[Date "1899-12-30"]
[Round "1.30"]
[White "Szelag, Zuzanna"]
[Black "Kowara, Magdalena"]
[Result "0-1"]
[WhiteTitle "I"]
[BlackTitle "I++"]
[WhiteElo "1516"]
[BlackElo "1877"]

1. e4 c5 2. Nf3 e6 3. d4 cxd4 4. Nxd4 a6 5. Nc3 Qc7 6. Bd3 Nf6 7. O-O b5 8. a3
Bb7 9. Be3 Bc5 10. Qe2 Qb6 11. Nb3 Bxe3 12. fxe3 Nc6 13. Rad1 O-O 14. Kh1 Ne5
15. Nd4 Rac8 16. Qf2 Qc7 17. Qh4 Ng6 18. Qh3 Qc5 19. Nde2 Qe5 20. Ng3 h6 21. Rf2
Qg5 22. Rdf1 Ng4 23. Rf3 Nxe3 24. Re1 Nc4 25. Bxc4 Rxc4 26. Qh5 Qd2 27. Rd1 Qxc2
28. Rxd7 Qxb2 29. Nd1 Qb1 30. Rxb7 Qxd1+ 31. Rf1 Qxh5 32. Nxh5 Rxe4 33. Ra7 Ra4
34. Rf3 b4 35. h3 bxa3 36. Rf1 a2 37. Ra1 Rb8 0-1